Flow through open channels (Record no. 11092)

000 -LEADER
fixed length control field 00492nam a22001937a 4500
001 - CONTROL NUMBER
control field 11092
003 - CONTROL NUMBER IDENTIFIER
control field BD-DhUET
008 - FIXED-LENGTH DATA ELEMENTS--GENERAL INFORMATION
fixed length control field 150214b xxu||||| |||| 00| 0 eng d
040 ## - CATALOGING SOURCE
Original cataloging agency DLC
Transcribing agency DLC
Modifying agency BD-DhUET
082 ## - DEWEY DECIMAL CLASSIFICATION NUMBER
Classification number 627.01
Item number RAJ/1981
100 ## - MAIN ENTRY--PERSONAL NAME
Personal name Raju, K G Ranga
245 ## - TITLE STATEMENT
Title Flow through open channels
250 ## - EDITION STATEMENT
Edition statement Ist ed.
260 ## - PUBLICATION, DISTRIBUTION, ETC. (IMPRINT)
Place of publication, distribution, etc. New Delhi
Name of publisher, distributor, etc. Tata Mcgraw Hill
Date of publication, distribution, etc. 1981
300 ## - PHYSICAL DESCRIPTION
Extent x, 330p.
Other physical details illus.
504 ## - BIBLIOGRAPHY, ETC. NOTE
Bibliography, etc Includes bibliographies
650 #0 - SUBJECT ADDED ENTRY--TOPICAL TERM
Topical term or geographic name as entry element Open channel flow
942 ## - ADDED ENTRY ELEMENTS (KOHA)
Koha item type General Book
Holdings
Location (home branch) Shelving location Not for loan Koha normalized classification for sorting Koha date last borrowed Damaged status Date acquired Lost status Sublocation or collection (holding branch) Source of classification or shelving scheme Price effective from Koha issues (times borrowed) Withdrawn status Koha date last seen Copy number Koha item type Piece designation (barcode) Koha full call number
Central Library, BUETCirculation section 627_010000000000000_RAJ_1981  2015-02-14 Central Library, BUET 2015-02-14  2017-05-271General Book57607627.01/RAJ/1981
Central Library, BUETCirculation section 627_010000000000000_RAJ_1981  2015-02-23 Central Library, BUET 2015-02-23  2015-02-232General Book56714627.01/RAJ/1981
Central Library, BUETCirculation section 627_010000000000000_RAJ_19812018-01-27 2015-02-23 Central Library, BUET 2015-02-231 2018-02-033General Book56715627.01/RAJ/1981
Central Library, BUETCirculation section 627_010000000000000_RAJ_19812018-07-17 2015-02-23 Central Library, BUET 2015-02-231 2025-04-224General Book77612627.01/RAJ/1981